Signal Integrity Issues & Printed Circuit Board Design (Record no. 34163)

MARC details
000 -LEADER
fixed length control field 00356nam a22001457a 4500
003 - CONTROL NUMBER IDENTIFIER
control field OSt
005 - DATE AND TIME OF LATEST TRANSACTION
control field 20220401132838.0
008 - FIXED-LENGTH DATA ELEMENTS--GENERAL INFORMATION
fixed length control field 220401b |||||||| |||| 00| 0 eng d
020 ## - INTERNATIONAL STANDARD BOOK NUMBER
International Standard Book Number 013141884x
040 ## - CATALOGING SOURCE
Transcribing agency HU
082 ## - DEWEY DECIMAL CLASSIFICATION NUMBER
Classification number 621.3815/
100 ## - MAIN ENTRY--PERSONAL NAME
Personal name Brooks
9 (RLIN) 24515
245 ## - TITLE STATEMENT
Title Signal Integrity Issues & Printed Circuit Board Design
942 ## - ADDED ENTRY ELEMENTS (KOHA)
Source of classification or shelving scheme Dewey Decimal Classification
Koha item type Books like text book referance book
Suppress in OPAC No
Holdings
Withdrawn status Lost status Source of classification or shelving scheme Damaged status Not for loan Home library Current library Shelving location Date acquired Total Checkouts Full call number Barcode Date last seen Copy number Price effective from Koha item type
    Dewey Decimal Classification     IoT Library IoT Library General Stacks 04/01/2022   621.3815/BRO/2003 IOTL0019379 04/01/2022 1 04/01/2022 Books like text book referance book
    Dewey Decimal Classification     IoT Library IoT Library General Stacks 09/15/2022   621.3815/BRO/2003 IOTL0021275 09/15/2022 2 09/15/2022 Books like text book referance book
    Dewey Decimal Classification     IoT Library IoT Library General Stacks 09/15/2022   621.3815/BRO/2003 IOTL0021276 09/15/2022 3 09/15/2022 Books like text book referance book